Представление документа в формате RUSMARC

Поле Инд. ПП Название Значение
Тип записи a
Библиографический уровень a
001 Контрольный номер 8d14f15c56924915b99857eedc695e87
005 Дата корректировки 20190523162922.1
100 a Данные общей обработки 20190523 ||| 0rusy0189 ca
101 0_ a Язык текста rus
102 a Страна публикации RU
200 1_ f Первые сведения об ответственности Н.М. Хромова
a Заглавие Особый порядок судебного разбирательства как процессуальный договор
b Общее обозначение материала Текст
210 1_ d Дата издания 2019
461 _0 1 2000
a Российский судья
463 _0 1 2000
a № 5
v С. 60-64
1 2101
d 2019
1 001517c3a76a2b14f81a4a654b130bc977c
606 a Основная рубрика Уголовно-процессуальное право
610 0_ a Ключевые слова УГОЛОВНЫЙ ПРОЦЕСС
a Ключевые слова ОСОБОЕ ПРОИЗВОДСТВО
a Ключевые слова ДОГОВОР
a Ключевые слова ИСТОРИЯ ПРАВА РОССИИ
700 _1 a Фамилия Хромова
b Имя Н.М.
801 _0 a Страна RU
b Организация РГУП
c Дата составления 20190523
g Правила каталогизации PSBO
801 _1 a Страна RU
b Организация РГУП
c Дата составления 20190523
g Правила каталогизации PSBO
901 t Тип документа b
w Контрольный № источника 517c3a76a2b14f81a4a654b130bc977c
905 a Дата ввода 20190523